ბათუმის შოთა რუსთაველის სახელმწიფო უნივერსიტეტის ბიბლიოთეკა

ნაწერები (ბიბ.ჩანაწერი № 50006)

000 -LEADER
fixed length control field 00702nam a2200205Ia 4500
001 - CONTROL NUMBER
control field 16943
003 - CONTROL NUMBER IDENTIFIER
control field GE_BSU
008 - FIXED-LENGTH DATA ELEMENTS--GENERAL INFORMATION
fixed length control field 181216s||||||||xx |||||||||||||| ||und||
040 ## - CATALOGING SOURCE
Transcribing agency GE_BSU
080 ## - UNIVERSAL DECIMAL CLASSIFICATION NUMBER
Universal Decimal Classification number 821.353.1
100 ## - MAIN ENTRY--PERSONAL NAME
Personal name აბაშიძე, სამსონ
245 ## - TITLE STATEMENT
Title ნაწერები
245 ## - TITLE STATEMENT
Statement of responsibility, etc. ს. ხუციშვილის რედაქციით, წინასიტყვაობით და შენიშვნებით.
260 ## - PUBLICATION, DISTRIBUTION, ETC.
Place of publication, distribution, etc. თბილისი
260 ## - PUBLICATION, DISTRIBUTION, ETC.
Name of publisher, distributor, etc. თბილ. უნ-ტის გამ-ბა
260 ## - PUBLICATION, DISTRIBUTION, ETC.
Date of publication, distribution, etc. 1957
300 ## - PHYSICAL DESCRIPTION
Extent 134გვ. 18სმ..3ფ. პორტრ.
653 ## - INDEX TERM--UNCONTROLLED
Uncontrolled term ნაწერები
942 ## - ADDED ENTRY ELEMENTS (KOHA)
Koha item type წიგნი
ეგზემპლარები
Withdrawn status Lost status Damaged status Not for loan Date acquired Barcode Date last seen Price effective from Koha item type
        2018-12-17 21657 2018-12-17 2018-12-17 წიგნი